000
00339nam a2200145Ia 4500
008
150201s1998 xx 000 0 und d
082
_a
530
_b
YOU
100
_a
Young,H.D
245
_a
University physics
250
_a
9th Ed.
260
_b
Addison Wesley
_a
New Yark
_c
1998
300
_a
1484p.
700
_a
Freedman,R.A
942
_2
ddc
_c
BK
999
_c
5366
_d
5366